书目信息 |
| 题名: |
速度轮滑(速度滑冰)
|
|
| 作者: | 刘雄弼 著 | |
| 分册: | ||
| 出版信息: | 北京 人民体育出版社 1988.4 |
|
| 页数: | 68页 | |
| 开本: | 19厘米 | |
| 丛书名: | ||
| 单 册: | ||
| 中图分类: | G862.1 , G889 | |
| 科图分类: | ||
| 主题词: | 体育 | |
| 电子资源: | ||
| ISBN: | 7-5009-0007-4 | |
| 000 | 00674nam0 2200241 45 | |
| 001 | 0189021163 | |
| 005 | 20060803172236.65 | |
| 010 | @a7-5009-0007-4@dCNY0.85 | |
| 020 | @aCN@b89021163 | |
| 100 | @a19910905d1988 m y0chiy0120 ea | |
| 101 | 0 | @achi |
| 102 | @aCN@b110000 | |
| 105 | @ay z 000yy | |
| 200 | 10 | @a速度轮滑(速度滑冰)@Asu du lun hua ( su du hua bing )@f刘雄弼著@F liu xiong bi zhu |
| 210 | @a北京@c人民体育出版社@d1988.4 | |
| 215 | @a68页@d19厘米 | |
| 540 | 1 | @a速度 轮滑@Asu du lun hua |
| 606 | 0 | @a体育 |
| 690 | @aG862.1@v1980 | |
| 690 | @aG889@v3 | |
| 701 | 0 | @a刘雄弼@Aliu xiong bi@4著 |
| 801 | 0 | @aCN@bTSSF@c20060803 |
| 905 | @a10447@dG889@e34 | |
| 速度轮滑(速度滑冰)/刘雄弼著.-北京:人民体育出版社,1988.4 |
| 68页;19厘米 |
| ISBN 7-5009-0007-4:CNY0.85 |
| ● |
| 相关链接 |
|
|
|
|
正题名:速度轮滑(速度滑冰)
索取号:G889/34
 
预约/预借
| 序号 | 登录号 | 条形码 | 馆藏地/架位号 | 状态 | 备注 |
| 1 | 0446719 | 204467193 | 密集书库/ [索取号:G889/34] | 在馆 |